| Поле | Инд. | ПП | Название | Значение |
|---|---|---|---|---|
| Тип записи | a | |||
| Библиографический уровень | b | |||
| 001 | Контрольный номер | RU/IS/BASE/125607694 | ||
| 005 | Дата корректировки | 20200529173543.7 | ||
| 084 | a | Индекс другой классификации/Индекс ББК | 65.305.143.22(0); 65.5(0) | |
| 100 | 1_ | a | Автор | Байков Н. М. |
| q | Полное имя | Байков Назип Мавлютович | ||
| 245 | a | Заглавие | Нефтепотенциал Каспия: прогнозы и реалии | |
| 504 | a | Библиография | Библиогр. сноски | |
| 520 | a | Аннотация | Анализ объемов и темпов разработки месторождений черного золота в странах Каспийского региона. Уровень инвестиционно-технологической активности нефтяных компаний в осуществлении международных проектов. Приводятся таблицы: Запасы нефти стран, примыкающих к Каспийскому региону. Запасы нефти в азербайджанском секторе. Динамика объемов добычи нефти стран Каспийского региона... и в отдельных секторах региона. | |
| 650 | a | Основная рубрика | мировая экономика | |
| a | Основная рубрика | экономика | ||
| a | Основная рубрика | экономика промышленности | ||
| 653 | a | Ключевые слова | "Газпром" (компания) | |
| a | Ключевые слова | "ЛУКОЙЛ" (компания) | ||
| a | Ключевые слова | Азербайджан | ||
| a | Ключевые слова | добыча нефти | ||
| a | Ключевые слова | запасы нефти | ||
| a | Ключевые слова | иностранные компании | ||
| a | Ключевые слова | Ирак | ||
| a | Ключевые слова | Иран | ||
| a | Ключевые слова | Казахстан | ||
| a | Ключевые слова | Каспийский регион | ||
| a | Ключевые слова | Каспийское море | ||
| a | Ключевые слова | международное экономическое сотрудничество | ||
| a | Ключевые слова | международные проекты | ||
| a | Ключевые слова | нефтяная отрасль | ||
| a | Ключевые слова | нефтяные компании | ||
| a | Ключевые слова | нефтяные месторождения | ||
| a | Ключевые слова | нефтяные ресурсы | ||
| a | Ключевые слова | Россия | ||
| a | Ключевые слова | совместные предприятия | ||
| a | Ключевые слова | транзит нефти | ||
| a | Ключевые слова | Туркмения | ||
| 773 | t | Заглавие источника | РИСК: ресурсы, информация, снабжение, конкуренция | |
| d | Дата издания источника | 2003 | ||
| g | Прочая информация | № 3. - С. 82 - 86 : табл. | ||
| w | Контрольный № источника | RU/IS/BASE/121272722 | ||
| 901 | t | Тип документа | b |